[Event "KUW-ch 1st Stage"]
[Site "Kuwait"]
[Date "2017.01.14"]
[Round "3"]
[White "Alshourfaa, Hazaa"]
[Black "Almutairi, Mohammad Fhaid"]
[Result "1-0"]
[WhiteElo "1846"]
[BlackElo "1382"]
[PlyCount "66"]
[EventDate "2017.01.12"]
[EventType "swiss"]
[EventRounds "9"]
[EventCountry "KUW"]
[SourceTitle "CBM 176 Extra"]
[Source "ChessBase"]
[SourceDate "2017.03.02"]
[SourceVersion "1"]
[SourceVersionDate "2017.03.02"]
[SourceQuality "1"]

1. e4 e5 2. Nc3 Nc6 3. Bc4 Bc5 4. Nge2 d6 5. 0-0 Bg4 6. Qe1 Qd7 7. d3 h5 8. Na4 Nd4 9. Nxd4 Bxd4 10. Nc3 h4 11. Be3 h3 12. f3 hxg2 13. Rf2 Bh5 14. Kxg2 Nf6 15. Bxd4 exd4 16. Ne2 0-0-0 17. Nxd4 Bg6 18. Kg1 Nh5 19. Ne2 Qe7 20. Qf1 Rh6 21. Rg2 Rdh8 22. Qf2 Nf6 23. Kf1 Bh5 24. Ke1 d5 25. exd5 Qb4+ 26. Kf1 Bg6 27. Rb1 Qd6 28. Qg3 Qxg3 29. hxg3 Nd7 30. Kf2 Ne5 31. Bb3 f5 32. Nf4 Re8 33. Ne6 Bh5 1-0

[Event "Kuwait U1700"]
[Site "Kuwait"]
[Date "2016.10.28"]
[Round "1.3"]
[White "Alsharhan, Musaed"]
[Black "Almutairi, Mohammad Fhaid"]
[Result "1-0"]
[WhiteElo "1684"]
[BlackElo "1374"]
[PlyCount "81"]
[EventDate "2016.10.28"]
[EventType "tourn"]
[EventRounds "7"]
[EventCountry "KUW"]
[SourceTitle "EXT 2024"]
[Source "ChessBase"]
[SourceDate "2023.10.10"]
[SourceVersion "1"]
[SourceVersionDate "2023.10.10"]
[SourceQuality "1"]

1. d4 Nf6 2. Nf3 g6 3. Bg5 d5 4. e3 Bg7 5. Be2 0-0 6. 0-0 a6 7. c4 c6 8. Nbd2 Bf5 9. Qb3 dxc4 10. Qxb7 Nbd7 11. Bf4 c5 12. Nxc4 Be4 13. Qb3 Nh5 14. Be5 f6 15. Nd6+ Kh8 16. Nxe4 fxe5 17. Nfg5 Qe8 18. Bc4 h6 19. Bf7 Qb8 20. Bxg6 Qxb3 21. axb3 hxg5 22. Bxh5 exd4 23. exd4 cxd4 24. Be2 g4 25. Bxg4 Ne5 26. Be6 d3 27. Rfd1 Rfd8 28. f4 Nc6 29. Bc4 Rf8 30. Rxd3 Bd4+ 31. Kh1 Rxf4 32. Bd5 Raf8 33. g3 Rxe4 34. Bxe4 Bxb2 35. Rxa6 Nb4 36. Rh6+ Kg7 37. Rh7+ Kf6 38. Rf3+ Ke5 39. Rxf8 Kxe4 40. Rh4+ Ke5 41. Rxb4 1-0

[Event "Budapest Spring op"]
[Site "Budapest"]
[Date "2016.03.18"]
[Round "1"]
[White "Afshar, Niusha"]
[Black "Almutairi, Mohammad Fhaid"]
[Result "1-0"]
[WhiteElo "1937"]
[BlackElo "1420"]
[PlyCount "45"]
[EventDate "2016.03.18"]
[EventType "swiss"]
[EventRounds "9"]
[EventCountry "HUN"]
[SourceTitle "CBM 171 Extra"]
[Source "ChessBase"]
[SourceDate "2016.04.26"]
[SourceVersion "1"]
[SourceVersionDate "2016.04.26"]
[SourceQuality "1"]

1. e4 e5 2. Nf3 Nc6 3. Bc4 Bc5 4. c3 Nf6 5. d4 exd4 6. e5 Ng4 7. Bxf7+ Kxf7 8. Ng5+ Ke8 9. Qxg4 Nxe5 10. Qh5+ g6 11. Qe2 Be7 12. Qxe5 Rf8 13. Nxh7 d6 14. Qg7 Rf7 15. Qg8+ Bf8 16. 0-0 Qe7 17. Nxf8 Rxf8 18. Qxg6+ Rf7 19. Bg5 Qe5 20. cxd4 Qa5 21. Nc3 Bf5 22. Rfe1+ Kf8 23. Bh6+ 1-0

[Event "KUW-ch sf"]
[Site "Kuwait"]
[Date "2015.11.02"]
[Round "1"]
[White "Almutairi, Mohammad Fhaid"]
[Black "Al Awadhi, Waleed"]
[Result "0-1"]
[WhiteElo "1258"]
[BlackElo "1870"]
[PlyCount "66"]
[EventDate "2015.11.02"]
[EventType "swiss"]
[EventRounds "9"]
[EventCountry "KUW"]
[SourceTitle "CBM 169 Extra"]
[Source "ChessBase"]
[SourceDate "2015.12.18"]
[SourceVersion "1"]
[SourceVersionDate "2015.12.18"]
[SourceQuality "1"]

1. e4 e6 2. d4 d5 3. e5 c5 4. c3 Bd7 5. Nf3 Qb6 6. Be2 Bb5 7. Be3 Nc6 8. Nbd2 cxd4 9. cxd4 Na5 10. 0-0 Bxe2 11. Qxe2 Ne7 12. Ng5 Nf5 13. Qf3 Qc7 14. Qh5 g6 15. Qd1 Be7 16. Qg4 Qd8 17. h4 h6 18. Nxe6 fxe6 19. Qxg6+ Kd7 20. Nb3 Nxb3 21. axb3 Rg8 22. Qh5 Bxh4 23. Rac1 Rc8 24. Qf7+ Qe7 25. Qh5 Qg7 26. Qf3 Qg4 27. Kh2 Qxf3 28. gxf3 Be7 29. Ra1 a6 30. Bd2 Nxd4 31. Be3 Nxf3+ 32. Kh1 Rg4 33. Ra3 Rcg8 0-1